The CEEC - Slovak - Chinese Cooperation in 21st Century in the Field of Natural Resources and Environmental Management

Mnohostranný charakter riadenia environmentálnych zdrojov s aplikáciou na slovensko-čínsku spoluprácu. Klimatická zmena. Prírodné zdroje. Poľnohospodárstvo. Lesníctvo. Cirkulárna ekonomika. Inovatívne mechanizmy trvalo udržateľného riadenia zdrojov.

Guardado en:
Detalles Bibliográficos
Autor principal: Černota, Mikuláš, 1979-
Formato: Capítulo de libro
Lenguaje:inglés
Materias:
Etiquetas: Agregar Etiqueta
Sin Etiquetas, Sea el primero en etiquetar este registro!

MARC

LEADER 00000naa$a2200000$$$4500
001 0258395
005 20240502083734.5
041 0 |a eng 
044 |a HU 
245 1 0 |a The CEEC - Slovak - Chinese Cooperation in 21st Century in the Field of Natural Resources and Environmental Management  |c Mikuláš Černota 
520 |a Mnohostranný charakter riadenia environmentálnych zdrojov s aplikáciou na slovensko-čínsku spoluprácu. Klimatická zmena. Prírodné zdroje. Poľnohospodárstvo. Lesníctvo. Cirkulárna ekonomika. Inovatívne mechanizmy trvalo udržateľného riadenia zdrojov. 
610 2 0 |a zdroje prírodné 
610 2 0 |a ekosystémy 
610 2 0 |a prostredie životné 
610 2 0 |a Čína 
610 2 0 |a manažment environmentálny 
100 1 |a Černota, Mikuláš, 1979-